|
|
|
|
| LEADER |
01477nam a22003137a 4500 |
| 001 |
2535 |
| 003 |
BD-DhAAL |
| 005 |
20150623110756.0 |
| 008 |
141123s1985 bg ||||| |||| 00| 0 ben d |
| 040 |
|
|
|a BD-DhAAL
|c BD-DhAAL
|
| 041 |
|
|
|a BEN
|
| 082 |
|
|
|2 22
|a 954.9/205
|
| 999 |
|
|
|c 33092
|d 33092
|
| 999 |
|
|
|c 33092
|
| 999 |
|
|
|c 33092
|
| 999 |
|
|
|c 0
|
| 999 |
|
|
|c 33087
|
| 999 |
|
|
|c 33080
|
| 999 |
|
|
|c 33079
|
| 245 |
|
|
|a বাংলাদেশের স্বাধীনতা যুদ্ধ দলিলপত্র : পঞ্চদশ খণ্ড,
|b সাক্ষাৎকার /
|c সম্পাদক হাসান হাফিজুর রহমান
|
| 260 |
|
|
|a ঢাকা :
|b তথ্য মণ্ত্রণালয়, গণপ্রজাতণ্ত্রী বাংলাদেশ সরকার,
|c ১৯৮৫
|
| 300 |
|
|
|a ৩৬৪ পৃ. ;
|c ২৪ সে. মি.
|
| 541 |
|
|
|e 2535
|
| 650 |
|
|
|a Bangladesh
|x History
|x Revolution
|y 1971
|9 6077
|
| 700 |
|
|
|a রহমান, হাসান হাফিজুর
|9 6078
|
| 852 |
|
|
|a Ayesha Abed Library
|c General Stacks
|
| 942 |
|
|
|2 ddc
|c BK
|
| 952 |
|
|
|0 0
|1 0
|2 ddc
|4 0
|6 954_900000000000000_205_BAN
|7 0
|9 44122
|a BRACUL
|b BRACUL
|c BNC
|d 2014-11-23
|g 133.00
|l 2
|m 1
|o 954.9205 BAN
|p 3010002535
|r 2026-01-21
|s 2025-12-29
|t 1
|w 2014-11-23
|y BK
|
| 952 |
|
|
|0 0
|1 0
|2 ddc
|4 0
|6 954_920500000000000_BAN
|7 0
|9 54480
|a SCL
|b SCL
|c GEN
|d 2015-06-23
|l 3
|m 1
|o 954.9205 BAN
|p 3020008133
|r 2023-04-15
|s 2023-04-05
|t 2
|w 2015-06-23
|y BK
|